| 000 | 00439nam a2200157Ia 4500 | ||
|---|---|---|---|
| 003 | SGT | ||
| 020 | _a9788120307605 | ||
| 082 |
_a621.3822 _bJOH |
||
| 100 | _aJohnson,Johnny R | ||
| 245 | _aIntroduction to digital signal processing | ||
| 260 |
_bPHI Learning Private Limited _aNew Delhi _c2013 |
||
| 300 | _a407p. | ||
| 650 | _aELECTRONIC ENGINEERING | ||
| 653 | _aDISCRETE THE SIGNALS AND SYSTEMS, THE Z- TRANSFORM,R | ||
| 942 |
_2ddc _cBK |
||
| 999 |
_c4989 _d4989 |
||